Statistiques concernant Que s'est-il passé un 3 mars?

Cliquez ici pour prendre le quiz!

Statistiques générales

  • Ce quiz a été pris 35 fois
  • Le résultat moyen est 7 sur 16

Statistiques - réponses

AnnéeIndiceRéponse% Correct
1943Cette capitale voit une bousculade dans une station de métro, alors abri anti-aérien: 173 morts et 62 blessésLondres
91%
1931Ce pays adopte son hymne national: The Star-Spangles BannerÉtats-Unis
82%
724L'impératrice Genshō abdique en faveur de son neuveu Shōmu dans ce paysJapon
79%
1861Abolition du servage dans ce pays, libérant 23 millions de paysans du statut de serfRussie
76%
1915Création du NACA, sur base de laquelle sera fondée une autre agenceNASA
71%
1878Ce pays européen obtient son indépendance de l'Empire ottomanBulgarie
47%
1857La France et le Royaume-Uni déclarent la guerre à ce paysChine
38%
1938On découvre que du pétrole est puisable dans ce paysArabie saoudite
35%
2000Le général Blaškić est condamné à 45 ans de prison pour crime contre l'humanité. On incrimine ses actions dans ce pays.Bosnie-Herzégovine
35%
1932Cette ville tombe entre les mains des japonnaisShanghai
32%
1845Cet état devient le 27ème état des États-UnisFloride
24%
1991Dans cette ville, Rodney King est passé à tabacLos Angeles
24%
1878Élection de ce papeLéon XIII
15%
2002Un référendum national indique que le peuple de cette nation est d'accord pour rejoindre l'O.N.U.Suisse
15%
1431Élection de ce papeEugène IV
0%
1799La France perd ce département suite à la capitulation de Corfou face aux forces russo-turquesIthaque
0%

Distribution des résultats

Percentile par nombre de réponses

% des personnes avec chaque résultat

Votre développement - résultats

Vous n’avez pas pris ce quiz